Prem manjusha (Record no. 3746)

MARC details
000 -LEADER
fixed length control field 00406nam a22001817a 4500
003 - CONTROL NUMBER IDENTIFIER
control field OSt
005 - DATE AND TIME OF LATEST TRANSACTION
control field 20250401142832.0
008 - FIXED-LENGTH DATA ELEMENTS--GENERAL INFORMATION
fixed length control field 250401b |||||||| |||| 00| 0 eng d
020 ## - INTERNATIONAL STANDARD BOOK NUMBER
International Standard Book Number 9789393050823
082 ## - DEWEY DECIMAL CLASSIFICATION NUMBER
Classification number 8H3
Item number PREP
100 ## - MAIN ENTRY--PERSONAL NAME
Personal name Premchand
245 ## - TITLE STATEMENT
Title Prem manjusha
260 ## - PUBLICATION, DISTRIBUTION, ETC.
Place of publication, distribution, etc. Gurugram
Name of publisher, distributor, etc. Lexicon Books
300 ## - PHYSICAL DESCRIPTION
Extent 206p.
546 ## - LANGUAGE NOTE
Language note English
651 ## - SUBJECT ADDED ENTRY--GEOGRAPHIC NAME
Geographic name Hindi Fiction
942 ## - ADDED ENTRY ELEMENTS (KOHA)
Source of classification or shelving scheme Dewey Decimal Classification
Koha item type Book
Holdings
Withdrawn status Lost status Source of classification or shelving scheme Damaged status Not for loan Collection code Home library Current library Shelving location Date acquired Source of acquisition Cost, normal purchase price Inventory number Total Checkouts Total Renewals Full call number Barcode Date last seen Date last checked out Price effective from Koha item type
    Dewey Decimal Classification     Fiction RIC Library RIC Library General Stacks 04/01/2025 Shubhi publications 199.00 199/21.02.2025 2 2 8H3 PREP 003030 01/20/2026 12/08/2025 04/01/2025 Book

Venue

Rajasthan International Centre
Sansthan Path,JLN Marg, Jaipur- 302017
Phone: +91-7230904025